Empowered teams: creating self-directed workgroups, that improve quality, productivity and participation. / (Record no. 707)
[ view plain ]
| 000 -LEADER | |
|---|---|
| fixed length control field | 00760nam a22001817a 4500 |
| 008 - FIXED-LENGTH DATA ELEMENTS--GENERAL INFORMATION | |
| fixed length control field | 120410t xxu||||| |||| 00| 0 eng d |
| 020 ## - INTERNATIONAL STANDARD BOOK NUMBER | |
| International Standard Book Number | 1555425542 |
| 050 ## - LIBRARY OF CONGRESS CALL NUMBER | |
| Classification number | HD66.W46 |
| 100 ## - MAIN ENTRY--PERSONAL NAME | |
| Personal name | Wellins, Richard S. |
| 245 ## - TITLE STATEMENT | |
| Title | Empowered teams: creating self-directed workgroups, that improve quality, productivity and participation. / |
| Statement of responsibility, etc. | Richard S. Wellins, William C. Byham |
| 260 ## - PUBLICATION, DISTRIBUTION, ETC. | |
| Place of publication, distribution, etc. | San Francisco: |
| Name of publisher, distributor, etc. | Jossey-Bass Publications, |
| Date of publication, distribution, etc. | c1991. |
| 300 ## - PHYSICAL DESCRIPTION | |
| Extent | xvi, 258 p.: |
| Other physical details | ill.; |
| Dimensions | 22cm. |
| 500 ## - GENERAL NOTE | |
| General note | Includes index. |
| 505 ## - FORMATTED CONTENTS NOTE | |
| Formatted contents note | Contents: A Workplace revolution: the coming of empowered teams -- How teams work -- Preparing for teams -- Building strong teams -- Epilogue -- Appendix. |
| 650 ## - SUBJECT ADDED ENTRY--TOPICAL TERM | |
| Topical term following geographic name entry element | Team empowerment. |
| 700 ## - ADDED ENTRY--PERSONAL NAME | |
| Personal name | Byham, William C. |
| 942 ## - ADDED ENTRY ELEMENTS (KOHA) | |
| Source of classification or shelving scheme | Library of Congress Classification |
| Koha item type | Books |
| Withdrawn status | Lost status | Source of classification or shelving scheme | Damaged status | Not for loan | Home library | Current library | Shelving location | Date acquired | Total Checkouts | Full call number | Barcode | Date last seen | Price effective from | Koha item type |
|---|---|---|---|---|---|---|---|---|---|---|---|---|---|---|
| Library of Congress Classification | WISCONSIN INTERNATIONAL UNIVERSITY COLLEGE, GHANA - MAIN LIBRARY | WISCONSIN INTERNATIONAL UNIVERSITY COLLEGE, GHANA - MAIN LIBRARY | General Stacks | 10/04/2012 | HD66.W46 | 1626/12 | 10/04/2012 | 10/04/2012 | Books |
